000 00303nam a22001337a 4500
008 171002b xxu||||| |||| 00| 0 eng d
020 _a9780913966662
041 _aeng
080 _a159.9
100 _a48
101 _aEDU
245 _aTHE COUNTER-REVOLUTION SCIENCE
_cHAYEK, F.A
942 _2udc
_cBK
999 _c31226
_d31226